Phytoplankton manual

The five preceding titles in the series have described techniques related to zooplankton sampling, zooplankton fixation and preservation, primary production, photosynthetic pigments, and coral reef research.

Αποθηκεύτηκε σε:
Λεπτομέρειες βιβλιογραφικής εγγραφής
Μορφή: Βιβλίο
Γλώσσα:Undetermined
Έκδοση: Paris Unesco 1978
Θέματα:
Ετικέτες: Προσθήκη ετικέτας
Δεν υπάρχουν, Καταχωρήστε ετικέτα πρώτοι!
Thư viện lưu trữ: Trung tâm Học liệu Trường Đại học Cần Thơ
LEADER 00712nam a2200181Ia 4500
001 CTU_141629
008 210402s9999 xx 000 0 und d
082 |a 579.81776 
082 |b P578 
245 0 |a Phytoplankton manual 
245 0 |c Edited by A. Sournia 
260 |a Paris 
260 |b Unesco 
260 |c 1978 
520 |a The five preceding titles in the series have described techniques related to zooplankton sampling, zooplankton fixation and preservation, primary production, photosynthetic pigments, and coral reef research. 
650 |a Phytoplankton,Phytoplankton,Marine phytoplankton,Marine phytoplankton 
904 |i Bạch Trúc 
980 |a Trung tâm Học liệu Trường Đại học Cần Thơ